000 00375nam a22001577a 4500
005 20160916094211.0
008 160916b xxu||||| |||| 00| 0 eng d
020 _a978-93-85-88-56-8
041 _aeng
100 _aBose,Ranjan
_93547
245 _aInformation Theory Coding and Cryptography
260 _bTMH
300 _a585
650 _aEngineering
_93548
942 _cBK
999 _c5238
_d5236